|
|
|
|
| LEADER |
00000cam a2200000 4500 |
| 001 |
|
| 003 |
SK-MaSNL |
| 005 |
20260410133248.0 |
| 008 |
260319s2025 xo a f f 000 0 slo |
| 015 |
|
|
|a SNBA2026/04
|
| 020 |
|
|
|a 9788080778569
|q (brožované)
|
| 040 |
|
|
|a SNK
|b slo
|c SNK
|e rda
|
| 041 |
0 |
|
|a slo
|
| 044 |
|
|
|a xo
|c SK
|
| 072 |
|
7 |
|a 378
|x Vysoké školy
|2 konspekt
|
| 072 |
|
7 |
|a 54
|x Chémia. Mineralogické vedy
|2 konspekt
|
| 080 |
|
|
|a 54
|2 2011
|
| 080 |
|
|
|a 373.5.016
|2 2011
|
| 080 |
|
|
|a 37.091.212.2
|2 2011
|
| 080 |
|
|
|a 378
|2 2011
|
| 080 |
|
|
|a (079.1)
|2 2011
|
| 080 |
|
|
|a (035)
|2 2011
|
| 100 |
1 |
|
|a Sobeková, Anna,
|d 1969-
|4 aut
|9 198465
|
| 245 |
1 |
0 |
|a Modelové otázky z chémie k prijímaciemu konaniu na UVLF v Košiciach
|b
|c autori: Anna Sobeková, Zuzana Bujdošová, Monika Šuleková, Tatiana Hrušková
|
| 250 |
|
|
|a Prvé vydanie
|
| 264 |
|
1 |
|a Košice
|b Univerzita veterinárskeho lekárstva a farmácie v Košiciach
|c 2025
|
| 300 |
|
|
|a 277 strán
|b tabuľky
|c 25 cm
|
| 336 |
|
|
|a text
|b txt
|2 rdacontent
|
| 337 |
|
|
|a bez média
|b n
|2 rdamedia
|
| 338 |
|
|
|a zväzok
|b nc
|2 rdacarrier
|
| 650 |
0 |
7 |
|a chémia
|2 SNKPH
|9 749
|
| 650 |
0 |
7 |
|a učivo stredných škôl
|2 SNKPH
|9 65982
|
| 650 |
0 |
7 |
|a prijímacie skúšky
|2 SNKPH
|9 1229
|
| 650 |
0 |
7 |
|a vysoké školy
|2 SNKPH
|9 1277
|
| 650 |
0 |
7 |
|a Chemistry
|2 SNKPHeng
|9 265248
|
| 650 |
0 |
7 |
|a Secondary school curriculum
|2 SNKPHeng
|9 302204
|
| 650 |
0 |
7 |
|a Entrance examinations
|2 SNKPHeng
|9 311635
|
| 650 |
0 |
7 |
|a Universities and colleges
|2 SNKPHeng
|9 265426
|
| 655 |
|
7 |
|a testy
|2 SNKPH
|9 70500
|
| 655 |
|
7 |
|a príručky
|2 SNKPH
|9 74364
|
| 655 |
|
7 |
|a Tests
|2 SNKPHeng
|9 303179
|
| 655 |
|
7 |
|a Handbooks, manuals, etc.
|2 SNKPHeng
|9 90964
|
| 700 |
1 |
|
|a Bujdošová, Zuzana,
|d 1982-
|4 aut
|9 236810
|
| 700 |
1 |
|
|a Šuleková, Monika,
|d 1978-
|9 236820
|
| 700 |
1 |
|
|a Hrušková, Tatiana,
|d 1966-
|9 236813
|
| 852 |
|
|
|a Slovenská národná knižnica
|
| 919 |
|
|
|a 978-80-8077-856-9
|
| 954 |
|
|
|a odborná, vedecká literatúra pôvodná (slovenská)
|2 lita
|
| 999 |
|
|
|c 3367834
|d 3369764
|
| 952 |
|
|
|t 1
|a SNK
|b SNK
|c SNK_KF
|y PREZ
|7 8
|p 17A1584863
|o snkSC 213576
|i snk2026/3923
|8 0
|0 0
|1 0
|2 udc
|4 0
|d 2026-03-19
|l 0
|r 2026-03-19 10:48:53
|w 2026-03-19
|
| 952 |
|
|
|t 2
|a SNK
|b SNK
|y VYP
|7 0
|p 17A1584864
|o snkSC 213576 D1
|i snk2026/3924
|8 0
|0 0
|1 0
|2 udc
|4 0
|d 2026-03-19
|l 0
|r 2026-03-19 10:48:00
|w 2026-03-19
|